书目信息 |
| 题名: |
环境绿化:温馨都市家居
|
|
| 作者: | 罗玉明 , 利建能 , 冯华英 著 | |
| 分册: | ||
| 出版信息: | 广州 广东科技出版社 2000.02 |
|
| 页数: | 92页 | |
| 开本: | 32开 | |
| 丛书名: | ||
| 单 册: | ||
| 中图分类: | TU238 | |
| 科图分类: | ||
| 主题词: | 建筑设计 | |
| 电子资源: | ||
| ISBN: | 7-5359-2353-4 | |
| 000 | 00650nam0 2200217 45 | |
| 001 | 0009111900 | |
| 005 | 20010308155105.3 | |
| 010 | @a7-5359-2353-4@d18.00元 | |
| 100 | @a20000911d2000 km y0chiy0120 ea | |
| 101 | 0 | @achi |
| 105 | @a z 000yy | |
| 200 | 1 | @a环境绿化:温馨都市家居@AHuan Jing Lu Hua:Wen Xin DuShi Jia Ju@f罗玉明,利建能,冯华英著@FLuo Yu Ming,Li Jian Neng,Feng Hua Ying Zhu |
| 210 | @a广州@c广东科技出版社@d2000.02 | |
| 215 | @a92页@d32开 | |
| 606 | 0 | @a建筑设计 |
| 690 | @aTU238@v3 | |
| 701 | 0 | @a罗玉明@4著 |
| 701 | 0 | @a利建能@4著 |
| 701 | 0 | @a冯华英@4著 |
| 801 | @aCN@bPftUser@c20000911 | |
| 905 | @dTU238@eL543@b327648-652@f5 | |
| 环境绿化:温馨都市家居/罗玉明,利建能,冯华英著.-广州:广东科技出版社,2000.02 |
| 92页;32开 |
| ISBN 7-5359-2353-4:18.00元 |
| ● |
| 相关链接 |
|
|
|
正题名:环境绿化:温馨都市家居
索取号:TU238/L543
 
预约/预借
| 序号 | 登录号 | 条形码 | 馆藏地/架位号 | 状态 | 备注 |
| 1 | 327648 | 203276481 | 建筑库101/101建筑库 49排4列1层/ [索取号:TU238/L543] | 在馆 | |
| 2 | 327649 | 203276490 | 建筑与城市规划学院资料室/101建筑库 22排4列4层/ [索取号:TU238/L543] | 在馆 | |
| 3 | 327650 | 203276506 | 建筑库101/101建筑库 49排4列1层/ [索取号:TU238/L543] | 在馆 | |
| 4 | 327651 | 203276515 | 自科二线404/404自科库 18排2列3层/ [索取号:TU238/L543] | 在馆 | |
| 5 | 327652 | 203276524 | 自科二线404/404自科库 18排2列3层/ [索取号:TU238/L543] | 在馆 |